Nemagnetické povlaky na magnetických podkladoch. STN 03 8181. ISO 2178 : Meranie hrúbky povlaku. Magnetická metóda. September 1995

Salvato in:
Dettagli Bibliografici
Natura: Libro
Lingua:slovacco
Pubblicazione: Bratislava : Slovenský ústav technickej normalizácie, 1995
Soggetti:
Tags: Aggiungi Tag
Nessun Tag, puoi essere il primo ad aggiungerne!!

MARC

LEADER 00000nam a22000003a 4500
001 stu137254
005 20150408163125.3
008 070122s1995----xo------------------slo-d
040 |a STU  |b slo 
041 0 |a slo 
044 |a xo 
080 |a 669 
245 |a Nemagnetické povlaky na magnetických podkladoch. STN 03 8181. ISO 2178 :  |b Meranie hrúbky povlaku. Magnetická metóda. September 1995 
260 |a Bratislava :  |b Slovenský ústav technickej normalizácie,  |c 1995 
300 |a 8 s 
650 7 |a povlaky  |2 stusub 
996 |b 284M075655  |c M*N-1232  |l MMKN  |s A  |a 24  |w stu137254_0001